Sporcle Sixsomes Grab Bag Quiz Stats

 Plays Quiz Updated Dec 1, 2016

Support Sporcle.
Go Orange.
Score 0/90 Timer 14:00
2 Plays Today
Hint Answer % Correct
Gaming
Chess Pieces
Queen
97.2%
Gaming
Chess Pieces
King
96.8%
Gaming
Chess Pieces
Pawn
94.2%
Gaming
Chess Pieces
Rook
93.5%
Gaming
Chess Pieces
Knight
92.2%
Languages
UN Official Languages
English
90.7%
Gaming
Chess Pieces
Bishop
89.6%
Languages
UN Official Languages
French
88%
Just For Fun
Anagrams of 'OPST'
post
87.2%
Just For Fun
Anagrams of 'OPST'
stop
86.4%
Just For Fun
Anagrams of 'OPST'
tops
84.9%
Languages
UN Official Languages
Spanish
84.6%
Languages
UN Official Languages
Chinese
81.7%
Just For Fun
Anagrams of 'OPST'
pots
81.2%
Just For Fun
Anagrams of 'OPST'
spot
79.8%
Miscellaneous
Nobel Prize Categories
Peace
77.1%
Television
Brady Bunch Kids
Jan
72.8%
Just For Fun
Anagrams of 'OPST'
opts
69.4%
Miscellaneous
Nobel Prize Categories
Literature
69.3%
Languages
UN Official Languages
Russian
67.9%
Literature
Jane Austen Novels
Pride and Prejudice
67%
Science
Noble Gases
Neon
66.9%
Miscellaneous
Nobel Prize Categories
Physics
63.2%
Miscellaneous
Nobel Prize Categories
Chemistry
61.2%
History
Henry VIII's Wives
Anne Boleyn
60%
Science
Noble Gases
Argon
59.8%
Television
Brady Bunch Kids
Marcia
57.9%
Languages
UN Official Languages
Arabic
57.1%
Movies
Reservoir Dogs Mr.'s
Blue
56.1%
Science
Noble Gases
Helium
55.9%
Hint Answer % Correct
Movies
Reservoir Dogs Mr.'s
White
55.1%
Movies
Reservoir Dogs Mr.'s
Pink
55%
Science
Noble Gases
Xenon
53.4%
Entertainment
Original X-Men
Professor X
52.6%
Television
Brady Bunch Kids
Bobby
51.2%
Geography
Australian States
Queensland
51.1%
Television
Brady Bunch Kids
Peter
49.6%
Movies
Reservoir Dogs Mr.'s
Orange
49.4%
Television
Brady Bunch Kids
Greg
49.3%
Television
Brady Bunch Kids
Cindy
49.3%
Literature
Jane Austen Novels
Sense and Sensibility
48.7%
History
Henry VIII's Wives
Catherine of Aragon
48.5%
Entertainment
Original X-Men
Cyclops
47.8%
Movies
Reservoir Dogs Mr.'s
Brown
47.3%
Geography
Australian States
New South Wales
46.5%
Sports
Original Six NHL Teams
Toronto Maple Leafs
45.6%
Sports
Original Six NHL Teams
Boston Bruins
45.4%
Literature
Jane Austen Novels
Emma
44.2%
Sports
Original Six NHL Teams
Detroit Red Wings
43.9%
Sports
Original Six NHL Teams
New York Rangers
43.8%
Sports
Original Six NHL Teams
Chicago Blackhawks
43%
Sports
Original Six NHL Teams
Montreal Canadiens
42.6%
Science
Noble Gases
Radon
41.7%
Entertainment
Original X-Men
Marvel Girl
41.6%
History
Henry VIII's Wives
Jane Seymour
39.2%
Miscellaneous
Nobel Prize Categories
Physiology and Medicine
38.3%
Geography
Australian States
Tasmania
37.8%
Geography
Australian States
Western Australia
37.1%
Science
Noble Gases
Krypton
36.6%
History
Henry VIII's Wives
Anne of Cleves
36.3%
Hint Answer % Correct
Geography
Australian States
Victoria
34.7%
History
Henry VIII's Wives
Catherine Parr
34.6%
Entertainment
Original X-Men
Beast
34.2%
Miscellaneous
Nobel Prize Categories
Economics
32.6%
Music
Paula Abdul #1 Songs (US)
Straight Up
28.1%
History
Henry VIII's Wives
Catherine Howard
24%
Geography
Australian States
South Australia
23.3%
Literature
Jane Austen Novels
Persuasion
20.6%
Literature
Jane Austen Novels
Northanger Abbey
20.1%
Entertainment
Original X-Men
Iceman
19.4%
Literature
Jane Austen Novels
Mansfield Park
19.2%
Music
Paula Abdul #1 Songs (US)
Opposites Attract
18.5%
Holiday
Things on a Passover Seder Plate
Maror (bitter herb)
17.6%
Movies
Reservoir Dogs Mr.'s
Blonde
17.3%
Entertainment
Original X-Men
Angel
16%
Holiday
Things on a Passover Seder Plate
Beitzah (egg)
14.7%
Holiday
Things on a Passover Seder Plate
Z'roa (shankbone)
14.7%
Holiday
Things on a Passover Seder Plate
Karpas (parsley)
14.5%
Religion
Sons of Jacob and Leah
Levi
14%
Religion
Sons of Jacob and Leah
Reuben
11.8%
Holiday
Things on a Passover Seder Plate
Charoset (apple + nut)
11.1%
Religion
Sons of Jacob and Leah
Judah
10.9%
Music
Paula Abdul #1 Songs (US)
Cold Hearted
9.3%
Religion
Sons of Jacob and Leah
Simeon
9.3%
Music
Paula Abdul #1 Songs (US)
Forever Your Girl
8.3%
Music
Paula Abdul #1 Songs (US)
Rush Rush
8%
Religion
Sons of Jacob and Leah
Issachar
6.1%
Religion
Sons of Jacob and Leah
Zebulun
5.4%
Holiday
Things on a Passover Seder Plate
Chazeret (lettuce)
4.9%
Music
Paula Abdul #1 Songs (US)
The Promise of a New Day
2.7%

You're not logged in!

Compare scores with friends on all Sporcle quizzes.
OR
Log In

From the Vault

Friday and 13: The Clickable Love Story

by nanners

Why not embrace the connection?
Remove Ads.
Support Sporcle.
Get the best of Sporcle when you Go Orange. This ad-free experience offers more features, more stats, and more fun while also helping to support Sporcle. Thank you for becoming a member.

Show Comments

Extras

Top Quizzes Today


Score Distribution

Your Account Isn't Verified!

In order to create a playlist on Sporcle, you need to verify the email address you used during registration. Go to your Sporcle Settings to finish the process.

Report this User

Report this user for behavior that violates our Community Guidelines.

Details: